000 00695nam a2200193Ia 4500
008 151119s9999||||xx |||||||||||||| ||und||
082 _a28.5
082 _bGKKV13365
100 _aजॉन फर्नांडिस
245 _aविकास रंगतदार गोष्टी ( निळा रंग)
260 _a--
260 _b--
260 _c0
600 _aजॉन फर्नांडिस
630 _aविकास रंगतदार गोष्टी ( निळा रंग)
700 _aजॉन फर्नांडिस
730 _aविकास रंगतदार गोष्टी ( निळा रंग)
942 _cBOOK
999 _c1067037
_d1067034